Países que comienzan con I - Estadísticas

Estadísticas generales
  • Esta prueba ha sido intentada 46.445 veces
    46.444 desde el último reinicio
  • La puntuación promedio es 7 de 10
Estadísticas de respuestas
País % Correcto
Islandia
90%
Irlanda
88%
Indonesia
86%
India
83%
Irán
73%
Irak
72%
Italia
72%
Islas Marshall
59%
Israel
58%
Islas Salomón
56%
No se encontraron pruebas coincidentes
Distribución de puntuación
Porcentaje de gente con cada puntuación
Porcentaje por número respondido
Historial de tus puntuaciones
No has intentado esta prueba desde el último reinicio